000 00760nam a2200205Ia 4500
005 20241129111245.0
008 241129s9999||||xx |||||||||||||| ||und||
037 _aTB
040 _aCRL
_bpun
_cCRL
041 _apun
_2pun
084 _aO153,1:g Q9
_qCRL
100 _aਨੇਕੀ, ਜਸਵੰਤ ਸਿੰਘ, ਚ।
245 0 _aਕਾਵਿ ਸਰਿਜਣਾL ਮਨੋਵਿ ਗਿਆਨਕ ਪਰਪਿੇਖ
_cਨੇਕੀ, ਜਸਵੰਤ ਸਿੰਘ, ਚ।
260 _aਅੰਮਿਤਸਰ, ਭਾਰਤ
_bਅੰਮਿਤਸਰ ਸਿੰਘ ਬ੍ਰਦਰਜ਼
_c2019
300 _a384ਪ੍ਰ0
365 _aINR
_b600
650 _aPunjabi LiteraturePoetry
_9726276
942 _cTB
_hO153,1:g Q9
999 _c1229610
_d1229610